Russia and the West under Lenin and Stalin (Record no. 56856)

MARC details
000 -LEADER
fixed length control field 00494nam a2200133 a 4500
008 - FIXED-LENGTH DATA ELEMENTS--GENERAL INFORMATION
fixed length control field 120416s1962 ||||||||||||||||| || u
050 ## - LIBRARY OF CONGRESS CALL NUMBER
Classification number DK 63.3 Ken
100 ## - MAIN ENTRY--PERSONAL NAME
Personal name Kennan, George Frost
245 10 - TITLE STATEMENT
Title Russia and the West under Lenin and Stalin
260 ## - PUBLICATION, DISTRIBUTION, ETC.
Place of publication, distribution, etc. New York
Name of publisher, distributor, etc. New America Library
Date of publication, distribution, etc. 1962
300 ## - PHYSICAL DESCRIPTION
Extent 384p.
350 ## - PRICE (NR) (BK AM CF MU VM SE) [OBSOLETE]
Price 0.00
995 ## - RECOMMENDATION 995 [LOCAL, UNIMARC FRANCE]
-- 0.00
-- CBU-MAIN LIBRARY (Kitwe)
-- 1
-- 0.00
-- 1
-- DAMAGED
-- Jun 21, 2006
-- Main Library Open Access Collection
Holdings
Withdrawn status Lost status Source of classification or shelving scheme Damaged status Not for loan Home library Current library Shelving location Date acquired Total Checkouts Full call number Barcode Date last seen Price effective from Koha item type
          CBU-MAIN LIBRARY, KITWE. CBU-MAIN LIBRARY, KITWE.   11/30/2022   DK 63.3 Ken 000846 11/30/2022 11/30/2022 MONOGRAPH